Chrono-Logique : Mandats des Présidents de la République française - Statistiques

Statistiques générales
  • Ce quiz a été pris 233 fois
  • Le résultat moyen est 11 sur 25
Réponses sur la Carte
Les réponses sont colorées sur une échelle allant du rouge au vert en fonction du pourcentage des utilisateurs qui les ont devinées à leur premier essai. Vous pouvez retrouver ces pourcentages ci-dessous.
 
Statistiques - réponses
Réponse % Correct
Début du 1er mandat de Macron
87%
Début du mandat de Hollande
81%
Début du mandat de Sarkozy
81%
Début du 1er mandat de Chirac
77%
Début du 1er mandat de De Gaulle
72%
Début du mandat de Bonaparte
72%
Début du 1er mandat de Mitterrand
70%
Début du mandat de Giscard d'Estaing
69%
Début du mandat de Pompidou
66%
Début du mandat de Coty
44%
Début du mandat de Thiers
43%
Début du mandat de Poincaré
37%
Début du mandat de Mac Mahon
36%
Début du mandat de Auriol
33%
Début du 1er mandat de Grévy
32%
Début du 1er mandat de Lebrun
30%
Début du mandat de Deschanel
28%
Début du mandat de Carnot
24%
Début du mandat de Doumer
22%
Début du mandat de Faure
20%
Début du mandat de Doumergue
17%
Début du mandat de Loubet
17%
Début du mandat de Millerand
17%
Début du mandat de Casimir-Perier
16%
Début du mandat de Fallières
13%
Aucun quiz correspondant
Distribution des résultats
% des personnes avec chaque résultat
Percentile par nombre de réponses
Votre historique - résultats
Vous n’avez pas pris ce quiz